Every Character in Sunrise On The Reaping - The Hunger Games - Statistics

General Stats
  • This quiz has been taken 383 times
  • The average score is 38 of 94
Answer Stats
Hint Answer % Correct
1 Main character, the rascal Haymitch Abernathy
100%
4 Girlfriend of 1, raises geese Lenore Dove
95%
2 Younger brother of above Sid
93%
9 Female District 12 Tribute, the meanest girl in town Maysilee Donner
91%
17 President of Panem Coriolanus Snow
89%
16 A belated birthday gift who replaced the above Lou Lou
89%
7 Best friend of 1, known for his beautiful singing voice Burdock Everdeen
86%
15 Female District 12 Tribute, sweetheart of 1 Louella McCoy
86%
13 Male district 12 tribute, the odds maker Wyatt Callow
86%
27 Sister of the above, styled the district 12 tributes for the interviews Effie Trinket
84%
24 Mentor for District 3, the man with a potato Beetee Latier
83%
23 Mentor for District 12, won the 11th Hunger Games Mags Flanagan
83%
22 Mentor for District 12, won the 49th Hunger Games Wiress
82%
10 Twin sister to the above Merrilee Donner
79%
18 Filmmaker assigned to District 12 Plutarch Heavensbee
79%
36 Male tribute for District 3, started the Newcomers alliance Ampert
77%
12 Works in the apothecary, close with 7 Asterid March
76%
29 Female tribute for District 1, placed second Silka Sharp
75%
14 Picked as the second male tribute for 12 Woodbine Chance
74%
20 Escort for District 12 Drusilla Sickle
73%
6 Uncle of 4, known for his metal work Tam Amber
71%
28 Male tribute for District 1, killed by 9 Panache Barker
68%
49 Female tribute for District 6, placed third Wellie
66%
5 Uncle of 4, plays the fiddle and dislikes 1 Clerk Carmine
63%
72 Host of the tribute interviews Caesar Flickerman
61%
21 Stylist for District 12 Magno Stift
60%
11 Father of the above, tries to bribe the peacekeepers Mr Donner
56%
26 Female prep team member, has magenta hair puffs Proserpina Trinket
53%
77 Folks own the bakery Otho Mellark
50%
8 Friend of 1, often seen with 7 Blair
49%
3 Mother of 1 and 2 Willamae
45%
75 Boss of 1, makes white liquor Hattie Meeney
44%
25 Male Prep team member, has metal apples studding his cheeks Vitus
44%
76 Takes bets on the Reapings, takes his own life Jethro Callow
41%
43 Female tribute for District 4, wielded a trident Maritte
38%
88 His hanging in District 12 was sabotaged Clay Chance
36%
55 Female tribute for District 7, killed by 29 and 43 Ringina
36%
68 Male tribute for District 11, kicked panache in the shower Hull
35%
31 Female tribute for District 1, died from poisoning Carat
33%
69 Female tribute for District 11, killed by the porcupine mutt Chicory
33%
40 Male tribute for District 4, knocked 1 out of the chariot Urchin
33%
64 Male tribute for District 10, killed by the porcupine mutt Buck
31%
53 Female tribute for District 7 killed by 29 and 43 Autumn
29%
30 Male tribute for District 1, killed by 9 Loupe
29%
41 Female tribute for District 4, killed by 1 Barba
28%
91 Bootlegger who sells rotgut to anybody Bascom Pie
28%
94 Classmate of 17, described as a "useless whiner" Hilarius Heavensbee
28%
61 Female tribute for District 9, her token was smashed in training Kerna
27%
48 Male tribute for District 6, suffered from asthma Miles
27%
93 Ancestor of 18, founded the library Trajan Heavensbee
27%
89 Sister of above, confessed to the sabotage and died in her cell Binnie Chance
26%
79 Winner of the 46th Hunger Games, brother of 28 Palladium Barker
26%
42 Male tribute for District 4, killed by 1 Angler
25%
51 Female tribute for District 6, died in the bloodbath Velo
25%
71 Female tribute for District 11, died on day 5 Blossom
24%
39 Female tribute for District 3 Coil
24%
87 Older sister of 15 Ima McCoy
24%
34 Male tribute for District 2 Janus
24%
60 Male tribute for District 9 Ryan
24%
70 Male tribute for District 11, died in the bloodbath Tile
24%
33 Female tribute for District 2, possibly killed by 9 Camilla
23%
86 Brother of 15, plays dice games Cayson McCoy
22%
37 Female tribute for District 3 Dio
22%
62 Male tribute for District 9 Clayton
21%
54 Male tribute for District 7, died in the bloodbath Heartwood
21%
38 Male tribute for District 3 Lect
21%
74 Grandmother of 1, had a lot of sayings Mamaw
21%
35 Female tribute for District 2 Nona
21%
85 Attendant on the train who carries the cake Tibby
21%
32 Male tribute for District 2 Alpheus
20%
45 Female tribute for District 5 Anion
20%
50 Male tribute for District 6, died on day 5 Atread
20%
52 Male tribute for District 7, died in the bloodbath Bircher
20%
44 Male tribute for District 5 Hychel
20%
65 Female tribute for District 10, died in the bloodbath Lannie
20%
63 Female tribute for District 9 Midge
20%
57 Female tribute for District 8 Notion
20%
67 Female tribute for District 10, died in the bloodbath Peeler
20%
66 Male tribute for District 10 Stamp
20%
59 Female tribute for District 8 Alawna
19%
46 Male tribute for District 5 Fisser
19%
47 Female tribute for District 5 Potena
19%
58 Male tribute for District 8 Ripman
19%
56 Male tribute for District 8 Wefton
19%
83 Previous tribute, visited by the Abernathys after being reaped Sarshee Whitcomb
16%
82 Great-Uncle with interesting fashion taste Silius
16%
92 The parade master, ate some bad oysters and died Incitatus Loomy
14%
81 Great-Aunt who never throws anything out Messalina
14%
84 Father of the above, died of black lung Lyle Whitcomb
11%
90 Instructor for knife throwing Hersilia
10%
73 Head Gamemaker for the 50th Hunger Games Faustina Gripper
9%
80 District 1 escort, called "little miss perfect" Juvenia
9%
78 Speaks before the reaping and at the funerals Mayor Allister
9%
19 Film crew member for District 12 Cassia
7%
No matching quizzes found
Score Distribution
Percent of People with Each Score
Percentile by Number Answered
Your Score History
You have not taken this quiz